| 000 | 00413 a2200157 4500 | ||
|---|---|---|---|
| 999 |
_c9383 _d9383 |
||
| 020 | _a9780702185458 | ||
| 050 | _aKF 3775 KID 2011 | ||
| 100 |
_aKidd, Michael _eauthor |
||
| 245 |
_aEnvironmental law/ _cMichael Kidd |
||
| 250 | _a2nd ed. | ||
| 264 |
_aCape Town: _bJuta; _c2011 |
||
| 300 | _a368p.: | ||
| 500 | _aIncludes index | ||
| 650 |
_aSouth Africa _xEnvironmental law |
||
| 942 |
_2lcc _cBK _e2nd _h3775 _iKID _kKF |
||